Szekularizáció és transzcendencia
Elmentve itt :
| Szerző: | |
|---|---|
| Adatforrás: | Philobibl |
| Forrásdokumentuma: | Vigilia 1970., 291-298. p. |
| Dokumentumtípus: | Cikk |
| Nyelv: | magyar |
| LEADER | 00277nab a2200097 c 4500 | ||
|---|---|---|---|
| 001 | bibDOK00017338 | ||
| 005 | 20200924121148.6 | ||
| 008 | 060518s1970 hu hun | ||
| 100 | 1 | |a Nyíri Tamás | |
| 245 | 1 | 0 | |a Szekularizáció és transzcendencia |c Nyíri Tamás |
| 773 | 0 | |t Vigilia |g 1970., 291-298. p. | |